000 00533nam a2200205Ia 4500
005 20260429111945.0
008 260429s9999||||xx |||||||||||||| ||und||
020 _a9789361595134
041 _aEnglish
082 _a005.43
_bTAN
100 _aTanenbaum, Andrew
245 0 _aModern operating systems /
_cAndrew Tanenbaum
250 _a5th ed.
260 _aIndia :
_bPearson,
_c2024.
300 _axxii, 1156 p.; pbk
650 _a Operating systems
650 _aComputer science
700 _a Bos, Herbert
942 _cTB
999 _c51618
_d51618